Stellungnahme der BAG Nichtseßhaftenhilfe zum Diskussionsvorschlag des Deutschen Städtetages zur straf- und sozialrechtlichen Behandlung von "Stadtstreichern"

Saved in:  
Bibliographic Details
Format: Print Article
Language:German
Published: 1979
In: Gefährdetenhilfe
Year: 1979, Issue: 2, Pages: 38-40
Check availability: HBZ Gateway
Keywords:

MARC

LEADER 00000caa a22000002c 4500
001 1631642146
003 DE-627
005 20220607130416.0
007 tu
008 130412s1979 xx ||||| 00| ||ger c
035 |a (DE-627)1631642146 
035 |a (DE-576)381078159 
035 |a (DE-599)BSZ381078159 
040 |a DE-627  |b ger  |c DE-627  |e rakwb 
041 |a ger 
245 0 0 |a Stellungnahme der BAG Nichtseßhaftenhilfe zum Diskussionsvorschlag des Deutschen Städtetages zur straf- und sozialrechtlichen Behandlung von "Stadtstreichern" 
264 1 |c 1979 
336 |a Text  |b txt  |2 rdacontent 
337 |a ohne Hilfsmittel zu benutzen  |b n  |2 rdamedia 
338 |a Band  |b nc  |2 rdacarrier 
773 0 8 |i In  |t Gefährdetenhilfe  |d Bielefeld : Verl. Soziale Hilfe, 1969  |g (1979), 2, Seite 38-40  |w (DE-627)129301051  |w (DE-600)123080-3  |w (DE-576)014493772  |x 0016-5794  |7 nnas 
773 1 8 |g year:1979  |g number:2  |g pages:38-40 
951 |a AR 
ELC |b 1 
LOK |0 000 xxxxxcx a22 zn 4500 
LOK |0 001 328270514X 
LOK |0 003 DE-627 
LOK |0 004 1631642146 
LOK |0 005 20140324095455 
LOK |0 008 130412||||||||||||||||ger||||||| 
LOK |0 040   |a DE-21-110  |c DE-627  |d DE-21-110 
LOK |0 689   |a s  |a Gefährdetenhilfe 
LOK |0 689   |a s  |a Nichtseßhaftenhilfe 
LOK |0 689   |a s  |a Stadtstreicher 
LOK |0 689   |a s  |a Behandlung 
LOK |0 852   |z Kein Bestand am IfK; Nachweis für KrimDok 
LOK |0 852   |a DE-21-110 
LOK |0 852 1  |m v  |9 00 
LOK |0 935   |a k110 
LOK |0 938   |k v 
LOK |0 939   |a 12-04-13  |b l01 
ORI |a SA-MARC-krimdoka001.raw